แสดงรายละเอียดบรรณานุกรม
  กลับหน้าหลัก

Brief Record : Get Marc (ISO 2709) : E-mail record : QR code ปิดหน้าต่าง
E-books : เกี่ยวกับ Collections
LEADER 00000nam 2200000uu 4500
001    211847
003     ULIBM
008    020711s2560 th a 000 0 tha d
041    ^atha
090    ^aวจ WY20.5 ท156ก 2560
100    ทรงสุดา หมื่นไธสง
245    รายงานวิจัยเรื่อง การสังเคราะห์งานวิจัยที่เกี่ยวข้องกับการสะท้อนคิด=^bSynthesis of research on reflective thinking/^cทรงสุดา หมื่นไธสง
246 31 ^aSynthesis of research on reflective thinking
260    ขอนแก่น :^bวิทยาลัยพยาบาลบรมราชชนนี ขอนแก่น,^c2560
300    [ก-ช],106 หน้า :^bภาพประกอบ ;^c29 ซม.
650  4 การพยาบาล^zไทย^xวิจัย
650  4 ^aการสังเคราะห์งานวิจัย^xวิจัย
650  4 ^aนักศึกษาพยาบาล^xวิจัย
650  4 ^aวิจัย
710 2  ^aขอนแก่น. วิทยาลัยพยาบาลบรมราชชนนี
999    ^aใช้งานได้ทุกระบบ
รายการนี้ยังไม่มีแท็ก
คุณยังไม่ได้ล็อกอิน คุณสามารถมีกิจกรรมร่วมกับเว็บไซต์ได้ แต่ต้องล็อกอินก่อน ::
  ล็อกอิน
ลำดับที่ ประเภท เลขเรียก สถานที่ สถานะ
1. งานวิจัย
งานวิจัย
วจ WY20.5 ท156ก 2560 ฉ.1 
  
ชั้นหนังสือวิจัย On Shelf
  ขอยืม
2. งานวิจัย
งานวิจัย
วจ WY20.5 ท156ก 2560 ฉ.2 
  
ชั้นหนังสือวิจัย On Shelf
  ขอยืม
3. งานวิจัย
งานวิจัย
วจ WY20.5 ท156ก 2560 ฉ.3 
  
ชั้นหนังสือวิจัย On Shelf
  ขอยืม
   [แสดง 3/3 รายการ]

รายการใกล้เคียง
    ผู้แต่ง [ทรงสุดา หมื่นไธสง]

    หัวเรื่อง [วิจัย]

BibComment


ยังไม่เคยถูกคอมเมนท์

คอมเมนท์ทรัพยากรรายการนี้
  คอมเมนท์: รายงานวิจัยเรื่อง..
Bib 211847

 
 
 

 Union Library Management : ULibM
Copyright 2026. All Rights Reserved.
скачать бесплатно без регистрации порно красивый секс HD Sex Hindi sex

xxx gou

xxxx

bfxxx

xxxwww

Секса Видео

xxxx

Секса Видео

detube

geilexxx

C99 Shell

worms shell

blod xxx video
Ebony Coed Rihanna Rimes Takes A Dick In Her Young Twat priyaa indian fuck anal and pusssy hardcore indian women xxx desi hardcore fucking part 1 bengalixxxcouple